Evénements du 29 août - Statistiques

Statistiques générales
  • Ce quiz a été pris 31 fois
  • Le résultat moyen est 8 sur 15
Statistiques - réponses
Hint Réponse % Correct
Création de la Grande armée napoléonienne 1805
92%
Dernier concert des Beatles 1966
88%
Indépendance du Brésil 1825
76%
Premier essai de la bombe A soviétique 1949
76%
Fin de la Guerre de Cent ans ; traité de Picquigny 1475
60%
Exécution du dernier empereur Inca 1533
56%
Fondation de Netflix 1997
56%
Cessez-le-feu entre les FARC et la Colombie 2016
52%
Début de la Guerre de sept ans 1756
48%
Charles II rentre à Londres 1660
44%
Election du pape Innocent VIII 1484
40%
Election du pape Urbain IV 1261
36%
Naissance du comédien Philippe Léotard 1940
36%
Le Japon voit apparaitre sa 1ère monnaie officielle 708
36%
Sabordage de la flotte danoise à Copenhague 1943
20%
Aucun quiz correspondant
Distribution des résultats
% des personnes avec chaque résultat
Percentile par nombre de réponses
Votre historique - résultats
Vous n’avez pas pris ce quiz